Muntak̲h̲ab duʻāʼin̲ : (Record no. 32602)
[ view plain ]
| 000 -LEADER | |
|---|---|
| fixed length control field | 00866cam a22002774a 4500 |
| 001 - CONTROL NUMBER | |
| control field | 32602 |
| 003 - CONTROL NUMBER IDENTIFIER | |
| rucl marc code | BD-RjUL |
| 005 - DATE AND TIME OF LATEST TRANSACTION | |
| control field | 20211209051849.0 |
| 008 - FIXED-LENGTH DATA ELEMENTS--GENERAL INFORMATION | |
| fixed length control field | 140427s1987 nju 000 0 urd |
| 020 ## - INTERNATIONAL STANDARD BOOK NUMBER | |
| International Standard Book Number | 0944880002 |
| 035 ## - SYSTEM CONTROL NUMBER | |
| System control number | (BD-RjUL)32691 |
| 040 ## - CATALOGING SOURCE | |
| Original cataloging agency | DLC |
| Transcribing agency | DLC |
| Modifying agency | DLC |
| -- | BD-RjUL |
| Language of cataloging | eng |
| 041 1# - LANGUAGE CODE | |
| Language code of text/sound track or separate title | urd |
| -- | eng |
| -- | ara |
| Language code of original | ara |
| 082 ## - DEWEY DECIMAL CLASSIFICATION NUMBER | |
| Classification number | 297 |
| Author mark and year | ALM 1987 |
| 100 0# - MAIN ENTRY--PERSONAL NAME | |
| Personal name | ʻAlī ibn Abī Ṭālib, |
| Dates associated with a name | approximately 600-661. |
| 9 (RLIN) | 99198 |
| 245 10 - TITLE STATEMENT | |
| Title | Muntak̲h̲ab duʻāʼin̲ : |
| Remainder of title | Selected supplications / |
| 246 31 - VARYING FORM OF TITLE | |
| Title proper/short title | Selected supplications : |
| 260 ## - PUBLICATION, DISTRIBUTION, ETC. (IMPRINT) | |
| Place of publication, distribution, etc. | Toms River, N.J. : |
| Name of publisher, distributor, etc. | Imam Sahe-Bu-Zaman Association, |
| Date of publication, distribution, etc. | 1987. |
| 300 ## - PHYSICAL DESCRIPTION | |
| Pagination | 120 p. ; |
| Size | 21 cm. |
| 650 #0 - SUBJECT ADDED ENTRY--TOPICAL TERM | |
| Topical term or geographic name as entry element | Islam |
| Form subdivision | Prayers and devotions. |
| 9 (RLIN) | 99199 |
| Topical term or geographic name as entry element | Shīʻah |
| Form subdivision | Prayers and devotions. |
| 9 (RLIN) | 99200 |
| 942 ## - ADDED ENTRY ELEMENTS (KOHA) | |
| Source of classification or shelving scheme | Dewey Decimal Classification |
| Koha item type | Books |
| Lost status | Source of classification or shelving scheme | Damaged status | Not for loan | Collection code | Permanent Location | Current Location | Shelving location | Date acquired | Source of acquisition | Cost, normal purchase price | Total Checkouts | Full call number | Date last seen | Copy number | Koha item type |
|---|---|---|---|---|---|---|---|---|---|---|---|---|---|---|---|
| Dewey Decimal Classification | Not For Loan | Non-fiction | Central Library, University of Rajshahi | Central Library, University of Rajshahi | Reading Room | 11/12/2001 | Asia foundation | 0.00 | 297 ALM 1987 | 27/04/2014 | C-1 | Books | |||
| Dewey Decimal Classification | Non-fiction | Central Library, University of Rajshahi | Central Library, University of Rajshahi | 11/12/2001 | Asia foundation | 0.00 | 297 ALM 1987 | 08/05/2016 | C-2 | Books |